Detalles MARC
| 000 -LIDER |
| fixed length control field |
01504cam a2200385 i 4500 |
| 001 - NÚMERO DE CONTROL |
| Identificador de número de control |
0000651 |
| 003 - IDENTIFICACDOR DE NÚMERO DE CONTROL |
| control field |
DO-SdBNP |
| 005 - DATE AND TIME OF LATEST TRANSACTION |
| control field |
20171110105448.0 |
| 007 - CAMPOS FIJOS DE DESCRIPCIÓN FÍSICA |
| fixed length control field |
0000651 |
| 008 - ELEMENTOS DE LONGITUD FIJA |
| fixed length control field |
100514s 2005 sp a | 000 f spa |
| 015 ## - NÚMERO DENTRO DE LA BIBLIOGRAFÍA NACIONAL |
| National bibliography number |
|
| 017 ## - NÚMERO DE REGISTRO DE DERECHOS DE AUTOR |
| Copyright or legal deposit number |
|
| Assigning agency |
|
| 020 ## - ISBN |
| International Standard Book Number |
8497510585 |
| 035 ## - NÚMERO LOCAL |
| System control number |
|
| 040 ## - FUENTE DE CATALOGACIÓN |
| Agencia que crea de manera original el registro |
BPMSU |
| Idioma de catalogación |
spa |
| Agencia que realiza la transcripción |
BPMSU |
| Convenciones de la despripción |
|
| 080 ## - NÚMERO DE CLASIFICACIÓN DECIMAL UNIVERSAL |
| Universal Decimal Classification number |
|
| 082 #4 - NÚMERO DE CLASIFICACIÓN DECIMAL DE DEWEY |
| Classification number |
616.855 |
| Item number |
A696d |
| 100 1# - ASIENTO PRINCIPAL -- NOMBRE PERSONAL |
| Nombre personal |
Arias Marsal, Cristina |
| 245 10 - MENCIÓN DE TITULO |
| Título |
Disfonía infantil |
| Subtítulo |
diagnóstico y tratamiento / |
| Mención de responsabilidad |
Cristina Arias Marsal, Montserrat Estapé i Vilà |
| 250 ## - MENCIÓN DE EDICION |
| Mención de edición |
Reimpresión 2010. |
| 260 0# - PUBLICACIÓN, DISTRIBUCIÓN, ETC. (PIE DE IMPRENTA) |
| Lugar de publicación, distribución, etc |
Barcelona : |
| Nombre del editor, distribuidor, etc. |
Ars Medica, |
| -- |
Lexus, |
| Fecha de publicación, distribución, etc |
2005. |
| 300 ## - DESCRIPCIÓN FÍSICA |
| Extensión |
230 p.: |
| Otros detalles físicos |
il. |
| Dimensiones |
25 cm |
| 490 1# - MENCIÓN DE SERIES |
| Mención de serie |
Comunicación, lenguaje y logopedia |
| 500 ## - NOTA GENERAL |
| Nota general |
Incluye índice alfabético de materias. |
| 504 ## - NOTA DE BIBLIOGRAFÍA, ETC. |
| Bibliography, etc |
Bibliografía p: 223-224 |
| 505 2# - NOTA DE CONTENIDO |
| Título |
Epidemiología de la disfonía infantil -- |
| -- |
Diagnóstico dela patología vocal en el niño -- |
| -- |
Patología vocal más frecuente en el niño con disfonía -- |
| -- |
Tratamiento de la disfonía infantil -- |
| -- |
Reeducación vocal en la disfonía infantil -- |
| -- |
Ejercicios de reeducación vocal -- |
| -- |
Casos clínicos -- |
| -- |
Bibliografía -- |
| -- |
Índice alfabético de materias -- |
| 650 #4 - ENCABEZAMIENTO DE MATERIA--TEMÁTICO |
| Término temático o nombre geográfico como elemento de entrada |
TRASTORNOS DE LA VOZ |
| 650 #4 - ENCABEZAMIENTO DE MATERIA--TEMÁTICO |
| Término temático o nombre geográfico como elemento de entrada |
VOZ |
| Subdivisión temática general |
CUIDADO E HIGIENE |
| 700 12 - ASIENTO SECUNDARIO -- NOMBRE PERSONAL |
| Nombre personal |
Estapé i Vilà, Montserrat |
| 830 #0 - ASIENTO SECUNDARIO DE SERIE--TÍTULO UNIFORME |
| Título uniforme |
Comunicación, lenguaje y logopedia |
| 910 ## - VALIDACIÓN |
| Validación |
Validado. Control de calidad MFF |
| 942 ## - ADDED ENTRY ELEMENTS (KOHA) |
| Source of classification or shelving scheme |
Dewey Decimal Classification |
| Koha item type |
Libros |
| 945 ## - INFORMACIÓN DE PROCESAMIENTO LOCAL |
| Información de procesamiento local |
Inventariado extranjera / 2017/MFF |
| 956 ## - LOCAL ELECTRONIC LOCATION AND ACCESS (OCLC) |
| Nombre de host |
YLOCKWARD |
| Campo enlazado y núm. de secuencia |
10 |
| Información de compresión |
BPMSU |